000 01045nam a22001937a 4500
003 JO-AjAnu
005 20240402121830.0
008 240402b jo ||||| |||| 00| 0 ara d
040 _aJO-AjAnu
_canu
041 1 _hara
100 1 _aالشقاح، ملاك محمود حسني
_eمعد
_965248
245 0 _aأثر ذكاء الأعمال على ابعاد التسويق الرقمي (دراسة تطبيقية على شركات تكنولوجيا المعلومات) = The impact of business intelligence on Digital Marketing ( Applied study on information technology companies) /
_cاعداد ملاك محمود حسني الشقاح ؛ اشراف بلال أحمد مثاني
260 _c2023
300 _a97 ورقة
500 _aرسالة جامعية (ماجستير) تخصص إدارة الأعمال ، جامعة عجلون الوطنية
650 7 _vالذكاء الاصطناعي-ادارة الأعمال-معالجة بيانات
700 0 _aبلال احمد مثاني
_eمشرف
_965250
942 _2lcc
_cTHS
_n0
999 _c33399
_d33399